000 00298nam a2200133Ia 4500
005 20260328101515.0
008 260328s9999||||xx |||||||||||||| ||und||
100 _aLee, Uje
245 0 _aUrban Facilies /
_cUje Lee
260 _bC3
300 _a293 p.
650 _aARQUITECTURA CIVIL
942 _cBK
999 _c9337
_d9337